000 00697nam a2200253Ia 4500
008 170203s9999 xx 000 0 und d
020 _a0-721415571
050 _aFic
050 _bF275r
100 _aBaxter, Nicola.
245 _aRapunzel /
245 _cby Nicola Baxter ; illustrated by Martin Aitchison.
260 _aLoughborough, Leicestershire
260 _bLadybird books Ltd.
260 _c1993
300 _a25 unnumbered pages.
440 _aFavourite Tales.
500 _a"Based on the story by Jacob Wilhelm Grimm."
650 _aFairy tales.
650 _aFolklore -- Germany --
650 _aFolklore.
650 _aGermany.
650 _xJuvenile literature.
999 _c306638
_d306638